Statistics for Touhou Characters by Picture - Easy Mode

Click here to take the quiz!

General Stats

  • This quiz has been taken 173 times
  • The average score is 13 of 15

Answer Stats

Answer% Correct
Reimu Hakurei
99%
Cirno
97%
Flandre Scarlet
94%
Marisa Kirisame
94%
Remilia Scarlet
92%
Sakuya Izayoi
92%
Alice Margatroid
90%
Patchouli Knowledge
88%
Reisen Udongein Inaba
88%
Yukari Yakumo
88%
Youmu Konpaku
86%
Yuyuko Saigyouji
86%
Sanae Kochiya
85%
Aya Shameimaru
84%
Koishi Komeiji
81%

Score Distribution

Percentile by Number Answered

Percent of People with Each Score

Your Score History

You have not taken this quiz